01767pam a2200373 a 4500999001700000001000800017003000900025005001700034008004100051020001800092040003800110082002000148100003500168245010200203264004700305300004400352336002600396337002800422338002700450504005100477650003900528650002300567650002700590650002600617653002100643655002100664906004500685942001300730952013000743952013000873952013001003952013001133952013001263 c28399d283701022392EG-ScBUE20200704091801.0881031s1990 maua b 001 0 eng d a9780631162940 aDLCbengerdacDLCdDLCdEG-ScBUE04a909.82bHAR2221 aHarvey, David,d1935-eauthor.14aThe condition of postmodernity :ban enquiry into the origins of cultural change /cDavid Harvey. 1bMalden, MA :cBlackwell Publishing,a1990. aix, 378 pages :billustrations ;c23 cm 2rdacontentatextbtxt 2rdamediaaunmediatedbn 2rdacarrieravolumebnc aIncludes bibliographical references and index. 7aCivilization, Moderny1950-2BUEsh 7aCapitalism.2BUEsh 7aSpace and time.2BUEsh 7aPostmodernism.2BUEsh bCOMAMEcJuly2020 vText book933728 a7bcbccorignewd1eocipf19gy-gencatlg 2ddccTXT 00102ddc40708BaccahaMAINbMAINc2NDd2020-07-04ePurchasel0o909.82 HARp000049154r2025-07-15 00:00:00w2020-07-04yBB 00102ddc40708BaccahaMAINbMAINc2NDd2020-07-04ePurchasel0o909.82 HARp000049155r2025-07-15 00:00:00w2020-07-04yNB 00102ddc40708BaccahaMAINbMAINc2NDd2020-07-04ePurchasel0o909.82 HARp000049156r2025-07-15 00:00:00w2020-07-04yNB 00102ddc40708BaccahaMAINbMAINc2NDd2020-07-04ePurchasel0o909.82 HARp000049157r2025-07-15 00:00:00w2020-07-04yBB 00102ddc40708BaccahaMAINbMAINc2NDd2020-07-04ePurchasel0o909.82 HARp000049158r2025-07-15 00:00:00w2020-07-04yBB